000 00288nam a2200109Ia 4500
008 220204s9999 xx 000 0 und d
082 _a543.46
_bCHA
100 _aChamberlain, John
245 0 _aPrinciples of interferometric spectroscopy
260 _aChichester
_bWiley
_c1979
942 _cBK
999 _c34610
_d34610